قناع القناع / (رقم التسجيلة. 8900)

تفاصيل مارك
000 -الفاتح
عناصر البيانات ثابتة الطول 00718cam a2200193 i 4500
005 - تاريخ ووقت آخر معاملة
حقل ضبط 20260128080429.0
008 - عناصر البيانات ثابتة الطول
عناصر البيانات ثابتة الطول 250721s1992 jo gr 000 0 ara d
082 14 - رقم تصنيف ديوي العشري
رقم التصنيف 355.3432
رقم المادة م ح م
100 1# - مدخل رئيسي – اسم شخصي
الاسم الشخصي شحادة، محمد نور الدين
علاقة الشخص بالعمل/ دوره مؤلف.
245 10 - بيان العنوان
العنوان قناع القناع /
بيان المسؤولية محمد نور الدين شحاده.
246 10 - الأشكال المختلفة للعنوان
العنوان الفعلي/العنوان المختصر veil of the veil
250 ## - بيان الطبعة
بيان الطبعة الطبعة الأولى.
264 31 - بيانات النشر، التوزيع…إلخ
مكان النشر، التوزيع...إلخ عمان :
اسم الناشر، الموزع...إلخ دار الجليل للنشر والدراسات والأبحاث الفلسطينية،
تاريخ النشر، التوزيع...إلخ 1992.
300 ## - الوصف المادي
عدد الوحدات المكونة للوعاء 364 صفحة.
650 17 - مدخل إضافي بالموضوع - مصطلح موضوعي
مصطلح موضوعي أو اسم جغرافي كعنصر مدخل وكالة الإستخبارات المركزية.
650 17 - مدخل إضافي بالموضوع - مصطلح موضوعي
مصطلح موضوعي أو اسم جغرافي كعنصر مدخل الجواسيس.
942 ## - بيانات إضافية (كوها)
نوع التنصيف Dewey Decimal Classification
نوع المادة (كوها) كتب
المقتنيات
حالة السحب حالة الفقدان مصدر التصنيف حالة التلف غير قابل للإعارة المكتبة الرئيسية المكتبة الحالية موقع الرف تاريخ التزويد الرقم المتسلسل Total Checkouts رقم الإستدعاء الباركود تاريخ آخر ظهور تاريخ الفاتورة نوع المادة (كوها)
    Dewey Decimal Classification     المكتبة المركزية المكتبة المركزية الإعارة 06/07/2004 163687   355.3432 /م ح م 163687 28/07/2025 06/07/2004 كتب
    Dewey Decimal Classification Unchecked   مكتبة أم قصير والمقابلين العامة مكتبة أم قصير والمقابلين العامة الإعارة 06/07/2004 2857   355.3432/محم   28/07/2025 06/07/2004 كتب
    Dewey Decimal Classification Unchecked   مكتبة الاميرة بديعة مكتبة الاميرة بديعة الإعارة 06/07/2004 2910   355.3432/محم   28/07/2025 06/07/2004 كتب
    Dewey Decimal Classification Unchecked   مكتبة الجويدة مكتبة الجويدة الإعارة 06/07/2004 2626   355.3432/محم   28/07/2025 06/07/2004 كتب
    Dewey Decimal Classification Unchecked   مكتبة الحسن العامة مكتبة الحسن العامة الإعارة 06/07/2004 6486   355.3432/محم   28/07/2025 06/07/2004 كتب
    Dewey Decimal Classification Unchecked   مكتبة النصر العامة مكتبة النصر العامة الإعارة 06/07/2004 4624   355.3432/محم   28/07/2025 06/07/2004 كتب
    Dewey Decimal Classification     مكتبة صويلح العامة مكتبة صويلح العامة الإعارة 22/04/2019 <5916>   355.3432/محم PLD00451684 28/07/2025 22/04/2019 كتب
    Dewey Decimal Classification     مكتبة وادي السير العامة مكتبة وادي السير العامة الإعارة 15/03/2016 [3273.]   355.3432/محم PLD00379990 28/07/2025 15/03/2016 كتب
Implemented & Customized by: BBB with SCIT (Smart Chains for Information Technology)

Powered by Koha